HIGHLY RECOMMENDED ENGLISH : (Registro nro. 21329)
[ vista simple ]
| 000 -LEADER | |
|---|---|
| fixed length control field | 00535nam a2200193 a 4500 |
| 001 - CONTROL NUMBER | |
| control field | 21329 |
| 005 - DATE AND TIME OF LATEST TRANSACTION | |
| control field | 20180713215042.0 |
| 008 - FIXED-LENGTH DATA ELEMENTS--GENERAL INFORMATION | |
| fixed length control field | 140415s1994 000 0 spa d |
| 020 ## - INTERNATIONAL STANDARD BOOK NUMBER | |
| International Standard Book Number | 0194376656 |
| 041 ## - LANGUAGE CODE | |
| Language code of text/sound track or separate title | spa |
| 082 ## - DEWEY DECIMAL CLASSIFICATION NUMBER | |
| Classification number | 380.1459104 |
| Item number | REV |
| 100 1# - MAIN ENTRY--PERSONAL NAME | |
| Personal name | REVELL, ROD |
| 245 10 - TITLE STATEMENT | |
| Title | HIGHLY RECOMMENDED ENGLISH : |
| Remainder of title | FOR THE HOTEL AND CATERING INDUSTRY |
| 250 ## - EDITION STATEMENT | |
| Edition statement | 2a ed. |
| 260 ## - PUBLICATION, DISTRIBUTION, ETC. | |
| Place of publication, distribution, etc. | [s.l.] : |
| Name of publisher, distributor, etc. | OXFORD UNIVERSITY PRESS, |
| Date of publication, distribution, etc. | 1994 |
| 300 ## - PHYSICAL DESCRIPTION | |
| Extent | 110 |
| 650 14 - SUBJECT ADDED ENTRY--TOPICAL TERM | |
| Topical term or geographic name entry element | TURISMO |
| General subdivision | INGLES |
| 700 1# - ADDED ENTRY--PERSONAL NAME | |
| Personal name | STOTT, TRISH |
| Relator term | coaut. |
| Withdrawn status | Lost status | Source of classification or shelving scheme | Damaged status | Not for loan | Collection code | Home library | Current library | Shelving location | Date acquired | Source of acquisition | Inventory number | Total Checkouts | Full call number | Barcode | Date last seen | Price effective from | Koha item type |
|---|---|---|---|---|---|---|---|---|---|---|---|---|---|---|---|---|---|
| Dewey Decimal Classification | General | Biblioteca Karol Wojtyla | Biblioteca Karol Wojtyla | Sala general | 03/12/2013 | Compra | 151000000000000000044960 | 380.1459104 REV | 41586 | 05/01/2026 | 03/12/2013 | Libro |